Probability and Statistics with Reliability, Queuing, and Computer Science Applications (Record no. 5033)

MARC details
000 -LEADER
fixed length control field 00377nam a2200133Ia 4500
008 - FIXED-LENGTH DATA ELEMENTS--GENERAL INFORMATION
fixed length control field 191201s2011 xx 000 0 und d
082 ## - DEWEY DECIMAL CLASSIFICATION NUMBER
Classification number 519.2
Item number TRP
100 ## - MAIN ENTRY--PERSONAL NAME
Personal name TRIVEDI, Kishor
245 #0 - TITLE STATEMENT
Title Probability and Statistics with Reliability, Queuing, and Computer Science Applications
260 ## - PUBLICATION, DISTRIBUTION, ETC. (IMPRINT)
Place of publication, distribution, etc N.Delhi
Name of publisher, distributor, etc PHI
Date of publication, distribution, etc 2011
300 ## - PHYSICAL DESCRIPTION
Extent 624
650 ## - SUBJECT ADDED ENTRY--TOPICAL TERM
Topical term or geographic name as entry element M.Tech (ECE)
942 ## - ADDED ENTRY ELEMENTS (KOHA)
Source of classification or shelving scheme Dewey Decimal Classification
Koha item type Text Books
Holdings
Withdrawn status Lost status Source of classification or shelving scheme Damaged status Not for loan Collection code Home library Current library Date acquired Source of acquisition Cost, normal purchase price Bill Number Total Checkouts Full call number Acc. no. / Barcode Date last seen Bill Date Koha item type Checked out Date last borrowed
    Dewey Decimal Classification     Applied Sc. PIET C-LIBRARY PIET C-LIBRARY 08/10/2011 UDH pub and dis Delhi 250.00 in1238   519.2 TRP 18384 04/12/2019 01/10/2011 Text Books    
    Dewey Decimal Classification     Applied Sc. PIET C-LIBRARY PIET C-LIBRARY 08/10/2011 UDH pub and dis Delhi 250.00 in1238 1 519.2 TRP 18385 05/11/2020 01/10/2011 Text Books 19/11/2020 05/11/2020
    Dewey Decimal Classification     Applied Sc. PIET C-LIBRARY PIET C-LIBRARY 08/10/2011 UDH pub and dis Delhi 250.00 in1238   519.2 TRP 18386 04/12/2019 01/10/2011 Text Books    
    Dewey Decimal Classification     Applied Sc. PIET C-LIBRARY PIET C-LIBRARY 08/10/2011 UDH pub and dis Delhi 250.00 in1238   519.2 TRP 18387 04/12/2019 01/10/2011 Text Books    
    Dewey Decimal Classification     Applied Sc. PIET C-LIBRARY PIET C-LIBRARY 08/10/2011 UDH pub and dis Delhi 250.00 in1238 1 519.2 TRP 18388 28/04/2026 01/10/2011 Text Books   22/04/2026

Design & Developed by: PIET Central Library
R70 Miles Stone Pattikalyana Samalkha Panipat 132102
mail ID :- [email protected], Phone No:- 0180-2569700 Ex.216